| 000 | 00584nam a22002057a 4500 | ||
|---|---|---|---|
| 003 | OSt | ||
| 005 | 20220107122736.0 | ||
| 008 | 130524b xxu||||| |||| 00| 0 eng d | ||
| 020 | _a9788131723951 | ||
| 040 | _cIIITM-K | ||
| 082 | _a005.1 GAL/S;1 | ||
| 100 |
_aGalin, Daniel _9494 |
||
| 245 |
_aSoftware quality assurance: _bFrom theory to implementation _cby Daniel Galin |
||
| 260 |
_aNew Delhi, _bPearson, _c2004. |
||
| 300 | _axxv, 590p. | ||
| 650 |
_aCOMPUTER SCIENCE _9495 |
||
| 650 |
_aQUALITY ASSURANCE _91097 |
||
| 650 |
_aSOFTWARE QUALITY ASSURANCE _9498 |
||
| 942 |
_2ddc _cBK |
||
| 999 |
_c3835 _d3835 |
||